ROMANCING THE BALANCE SHEET FOR ANYONE W (Record no. 31887)

MARC details
000 -LEADER
fixed length control field 00351nam a2200133Ia 4500
008 - FIXED-LENGTH DATA ELEMENTS--GENERAL INFORMATION
fixed length control field 240624s9999 xx 000 0 und d
041 ## - LANGUAGE CODE
Language code of text/sound track or separate title eng
082 ## - DEWEY DECIMAL CLASSIFICATION NUMBER
Classification number 657.3 LAM
100 ## - MAIN ENTRY--PERSONAL NAME
Personal name LAMBA ANIL
245 ## - TITLE STATEMENT
Title ROMANCING THE BALANCE SHEET FOR ANYONE W
260 ## - PUBLICATION, DISTRIBUTION, ETC.
Date of publication, distribution, etc. 2016
Place of publication, distribution, etc. New Delhi
Name of publisher, distributor, etc. Harper Collins India
300 ## - PHYSICAL DESCRIPTION
Extent ix, 260 p.; 23 cm.
365 ## - TRADE PRICE
Currency code RS
Price amount 30
Holdings
Withdrawn status Lost status Damaged status Not for loan Home library Current library Shelving location Date acquired Total Checkouts Total Renewals Full call number Barcode Date last seen Date last checked out Copy number Price effective from Koha item type
        IMTN IMTN Rack 21-A 09/24/2019 1 2 657.3 LAM 31887 10/25/2024 08/31/2024 1 06/24/2024 Books
Designed & Maintained by: LRC IMT Nagpur Contact: lrc@imtnag.ac.in© 2024. All Rights Reserved.